Welcome to the Holygrace Academy Library

Please use search bar below to get started

IMPROVE YOUR WORD POWER (Record no. 4090)

MARC details
000 -LEADER
fixed length control field 00277nam a22001337a 4500
082 ## - DEWEY DECIMAL CLASSIFICATION NUMBER
Classification number 425
Item number SHA/I
100 ## - MAIN ENTRY--AUTHOR NAME
Personal name SHARMA
100 ## - MAIN ENTRY--AUTHOR NAME
Personal name KUMAR
245 ## - TITLE STATEMENT
Title IMPROVE YOUR WORD POWER
260 ## - PUBLICATION, DISTRIBUTION, ETC. (IMPRINT)
Place of publication AGRA
Name of publisher M.I PUBLICATIONS
300 ## - PHYSICAL DESCRIPTION
Number of Pages 160
650 ## - SUBJECT ADDED ENTRY--TOPICAL TERM
Topical Term VOCABULARY
Geographic subdivision DELHI
942 ## - ADDED ENTRY ELEMENTS (KOHA)
Koha item type Books
Holdings
Withdrawn status Lost status Collection code Home library Current library Shelving location Date acquired Source of acquisition Full call number Accession Number Koha item type
    Reference Main Library Main Library SHELF-16C -ENGLISH GRAMMAR SYNONYMS7ANTONYMS,LETTERS, ETC 11/10/2012 PURCHASE 425 SHA/I 03459 Books